Автоматизация проектирования радиоэлектронной аппаратуры и средств вычислительной техники: межвузовский сборник научных трудов

Bibliographic Details
Corporate Author: Уральский политехнический институт им. С. М. Кирова
Other Authors: Семихатов Н. А. (редактор)
Language:Russian
Published: Свердловск, УПИ, 1988
Subjects:
Format: Book
KOHA link:https://koha.lib.tpu.ru/cgi-bin/koha/opac-detail.pl?biblionumber=201301

MARC

LEADER 00000nam0a2200000 4500
001 201301
005 20231101225024.0
020 |a RU  |b 90-12215 
035 |a (RuTPU)RU\TPU\book\219408 
090 |a 201301 
100 |a 20110923d1988 km y0rusy5003 ca 
101 0 |a rus 
102 |a RU 
105 |a y z 001zy 
200 1 |a Автоматизация проектирования радиоэлектронной аппаратуры и средств вычислительной техники  |e межвузовский сборник научных трудов  |f Уральский политехнический институт им. С. М. Кирова ; под ред. Н. А. Семихатова 
210 |a Свердловск  |c УПИ  |d 1988 
215 |a 141,[1] с.  |c ил. 
320 |a Библиогр. в конце ст. 
610 1 |a радиоэлектронная аппаратура 
610 1 |a вычислительные машины электронные 
610 1 |a автоматизированные системы проектирования 
610 1 |a проектирование 
610 1 |a автоматизация 
610 1 |a САПР 
610 1 |a техническое проектирование 
610 1 |a схемотехника 
675 |a 621.396.6.001.63  |z rus 
675 |a 681.3.001  |z rus 
686 |a 47.13  |2 rugasnti 
702 1 |a Семихатов  |b Н. А.  |4 340 
712 0 2 |a Уральский политехнический институт им. С. М. Кирова  |c (Свердловск)  |c (1948-1992)  |2 stltpush  |3 (RuTPU)RU\TPU\col\1982  |9 23638 
801 0 |a RU  |b RuMRKP  |c 19960705  |g psbo 
801 1 |a RU  |b 63413507  |c 20110923 
801 2 |a RU  |b 63413507  |c 20170127  |g RCR 
942 |c BK